000 00688cam a2200217 4500500
005 20260329005458.0
041 _afre
042 _adc
100 1 0 _aLegros, Martin
_eauthor
245 0 0 _aMichael Walzer : “La justice exige la défaite du Hamas, pas la vengeance contre les Palestiniens”
260 _c2023.
500 _a61
690 _aGuerre
690 _aGuerre juste
690 _aHamas
690 _aIsraël
690 _aMichael Walzer
690 _aPalestine
786 0 _nPhilosophie magazine | 174 | 11 | 2023-11-01 | p. 10-10 | 1951-1787
856 4 1 _uhttps://shs.cairn.info/magazine-philosophie-magazine-2023-11-page-10?lang=fr&redirect-ssocas=7080
999 _c1843766
_d1843766